000 00708nam a2200241 a 4500
008
020 _a1855736039 (hbk.)
049 _aMAIN
090 _aREF TS1828
_bHAN
245 1 0 _aHandbook of nonwovens /
_cedited by S. J. Russell.
260 _aCambridge :
_bWoodhead Publishing Limited,
_c2007.
300 _axiii, 530 p. :
_bill. ;
_c23 cm.
440 _aThe Textile Institute.
500 _aIncludes index.
504 _aIncludes bibliographical references.
650 1 _aNonwovens.
700 _aRussell, S.J.
907 _a.b10292603
_b23-05-11
_c02-03-11
003
005 20230120191432.0
040 _cNUST
942 _cBOOKS
_kREF TS1828
_mHAN
999 _c101076
_d101076